Statistics for Champions League 2015-2016 scorers

Click here to take the quiz!

General Stats

  • This quiz has been taken 42 times
  • The average score is 62 of 174

Answer Stats

Club Country Player Goals % Correct
Real MadridPortugalCristiano Ronaldo16
100%
Real MadridFranceKarim Benzema4
100%
FC BarcelonaUruguayLuis Suarez8
97%
FC BarcelonaArgentinaLionel Messi6
97%
Paris SGSwedenZlatan Ibrahimovic5
97%
Bayern MunichGermanyThomas Müller8
94%
Arsenal FCFranceOlivier Giroud5
94%
Bayern MunichPolandRobert Lewandowski9
94%
Atletico MadridFranceAntoine Griezmann7
91%
Bayer LeverkusenMexicoJavier Hernandez5
88%
Zenit Saint PetersburgBrazilHulk4
81%
Real MadridColombiaJames Rodriguez1
81%
Manchester CitySpainDavid Silva2
81%
Real MadridCroatiaLuka Modric1
78%
Paris SGArgentinaAngel Di Maria3
78%
FC BarcelonaBrazilNeymar3
78%
Chelsea FCBrazilWillian5
78%
Manchester CityBelgiumKevin De Bruyne3
78%
Bayern MunichChileArturo Vidal2
75%
Chelsea FCSpainDiego Costa2
75%
Arsenal FCChileAlexis Sanchez3
75%
Bayern MunichBrazilDouglas Costa2
75%
JuventusSpainAlvaro Morata2
75%
Manchester CityArgentinaSergio Agüero2
72%
Manchester UnitedFranceAnthony Martial2
72%
Paris SGUruguayEdinson Cavani2
72%
Chelsea FCBrazilOscar2
72%
Real MadridSpainSergio Ramos1
69%
Bayern MunichNetherlandsArjen Robben2
69%
FC BarcelonaCroatiaIvan Rakitic2
69%
Arsenal FCGermanyMesut Özil2
69%
AS RomaBosniaEdin Dzeko2
66%
Real MadridSpainJesé1
66%
Manchester CityIvory CoastYaya Touré1
66%
Manchester CityEnglandRaheem Sterling3
66%
Manchester UnitedEnglandWayne Rooney1
66%
Atletico MadridSpainOliver Torres1
63%
Atletico MadridSpainFernando Torres1
63%
JuventusFrancePaul Pogba1
59%
JuventusArgentinaPaulo Dybala1
56%
Manchester UnitedSpainJuan Mata1
56%
JuventusCroatiaMario Mandzukic2
56%
Bayern MunichFranceKingsley Coman2
56%
Paris SGBrazilLucas2
56%
Arsenal FCEnglandTheo Walcott2
53%
Manchester CityBrazilFernandinho2
53%
Paris SGBrazilDavid Luiz1
53%
AS RomaEgyptMohamed Salah1
53%
VfL WolfsburgSwitzerlandRicardo Rodriguez1
53%
Bayern MunichAustriaDavid Alaba1
53%
CSKA MoscowIvory CoastSeydou Doumbia3
50%
Bayern MunichGermanyMario Götze2
50%
Atletico MadridSpainSaul Niguez3
50%
Chelsea FCSpainCesc Fàbregas1
50%
LyonFranceAlexandre Lacazette2
47%
VfL WolfsburgGermanyAndré Schürrle2
47%
Bayern MunichSpainThiago Alcantara1
47%
Manchester CityIvory CoastWilfried Bony2
47%
Manchester UnitedNetherlandsMemphis Depay1
47%
AS RomaIvory CoastGervinho1
44%
Zenit Saint PetersburgBelgiumAxel Witsel1
44%
VfL WolfsburgGermanyJulian Draxler3
44%
Atletico MadridColombiaJackson Martinez1
44%
Real MadridCroatiaMateo Kovačić1
44%
Real MadridSpainDani Carvajal1
44%
VfL WolfsburgNetherlandsBas Dost1
41%
FC BarcelonaSpainGérard Piqué1
41%
Atletico MadridBelgiumYannick Carrasco1
41%
SL BenficaArgentinaNicolas Gaitan4
41%
Valencia CFAlgeriaSofiane Feghouli2
41%
Paris SGIvory CoastSerge Aurier1
41%
JuventusColombiaJuan Cuadrado1
41%
AS RomaBosniaMiralem Pjanic2
41%
AS RomaItalyDaniele De Rossi2
41%
Bayer LeverkusenTurkeyHakan Çalhanoğlu2
38%
Manchester UnitedEnglandChris Smalling1
38%
Borussia M'GladbachBrazilRaffael2
38%
Bayern MunichSpainXabi Alonso1
38%
Chelsea FCEnglandGary Cahill1
38%
FC SevillaFranceKévin Gameiro1
34%
FC SevillaUkraineYevhen Konoplyanka2
34%
CSKA MoscowNigeriaAhmed Musa1
34%
Borussia M'GladbachUSAFabian Johnson2
34%
Shakhtar DonetskCroatiaDarijo Srna1
34%
Arsenal FCEgyptMohamed Elneny1
31%
Bayer LeverkusenSwitzerlandAdmir Mehmedi4
31%
Paris SGFranceAdrien Rabiot3
31%
VfL WolfsburgGermanyMax Kruse1
31%
AS RomaItalyAlessandro Florenzi1
31%
Chelsea FCFranceKurt Zouma1
31%
Dynamo KievUkraineAndriy Yarmolenko2
28%
Zenit Saint PetersburgRussiaArtem Dzyuba6
28%
SL BenficaBrazilJonas2
28%
SL BenficaGreeceKonstantinos Mitroglou2
28%
FC PortoAlgeriaYacine Brahimi1
28%
Shakhtar DonetskBrazilAlex Teixeira3
28%
FC SevillaArgentinaÉver Banega2
28%
FC PortoCameroonVincent Aboubakar2
25%
Chelsea FCNigeriaJohn Obi Mikel1
25%
Valencia CFPortugalAndré Gomes1
25%
PSV EindhovenNetherlandsLuuk De Jong2
25%
VfL WolfsburgBrazilNaldo2
25%
JuventusSwitzerlandStephan Lichtsteiner1
22%
Manchester CityArgentinaMartin Demichelis1
22%
Atletico MadridArgentinaLuciano Vietto1
22%
Bayer LeverkusenGreeceKyriakos Papadopoulos1
22%
Atletico MadridArgentinaAngel Correa1
22%
FC BarcelonaBrazilAdriano1
22%
SL BenficaMexicoRaúl Jiménez3
19%
FC SevillaSpainFernando Llorente1
19%
Real MadridSpainNacho Fernandez1
19%
Zenit Saint PetersburgPortugalDanny1
19%
Borussia M'GladbachGermanyLars Stindl3
16%
Bayer LeverkusenSloveniaKevin Kampl1
16%
FC BarcelonaSpainSergi Roberto1
16%
AS RomaGreeceVasilis Torosidis1
16%
Dynamo KievAustriaAleksandar Dragović1
16%
JuventusItalySimone Zaza1
16%
VfL WolfsburgPortugalVieirinha1
16%
Valencia CFPortugalJoao Cancelo1
13%
FC SevillaSpainVitolo1
13%
Shakhtar DonetskCroatiaEduardo1
13%
JuventusItalyStefano Sturaro1
13%
Zenit Saint PetersburgRussiaOleg Shatov2
13%
GentBelgiumSven Kums2
13%
VfL WolfsburgItalyDaniel Caligiuri1
13%
SL BenficaBrazilTalisca2
9%
OlympiacosNigeriaBrown Ideye1
9%
OlympiacosIcelandAlfreð Finnbogason1
9%
FC PortoMexicoMiguel Layun1
9%
Maccabi Tel AvivIsraelEran Zahavi1
9%
Galatasaray SKGermanyLukas Podolski2
9%
Shakhtar DonetskBrazilDentinho1
9%
PSV EindhovenMexicoHector Moreno1
9%
FC SevillaFranceBenoit Trémoulinas1
9%
GentBelgiumLaurent Depoitre1
9%
PSV EindhovenBelgiumMaxime Lestienne2
9%
SL BenficaBrazilLuisao1
9%
LyonFranceChristophe Jallet1
6%
FC PortoPortugalAndré André2
6%
Galatasaray SKTurkeySelçuk İnan2
6%
LyonFranceJordan Ferri1
6%
OlympiacosColombiaFelipe Pardo1
6%
GentMaliKalifa Coulibaly2
6%
Malmö FFSwedenMarkus Rosenberg1
6%
FC PortoSpainCristian Tello1
6%
GentSwitzerlandDanijel Milićević3
6%
PSV EindhovenNetherlandsLuciano Narsingh1
6%
GentBelgiumThomas Matton1
3%
Dynamo KievUkraineOleh Husyev1
3%
Dynamo KievParaguayDerlis González1
3%
GentBelgiumThomas Foket1
3%
FC AstanaGhanaPatrick Twumasi2
3%
Dinamo ZagrebCroatiaJosip Pivarić1
3%
BATE BorisovSerbiaNemanja Milunović1
3%
Dinamo ZagrebChileJunior Fernandes1
3%
SL BenficaPortugalGonçalo Guedes1
3%
PSV EindhovenNetherlandsDavy Pröpper1
3%
AS RomaSpainIago Falque1
3%
VfL WolfsburgGermanyMaximilian Arnold1
0%
Galatasaray SKTurkeyBilal Kısa1
0%
Borussia M'GladbachGermanyJulian Korb1
0%
CSKA MoscowRussiaSergei Ignashevich1
0%
PSV EindhovenNetherlandsJürgen Locadia1
0%
BATE BorisovSerbiaFilip Mladenović2
0%
Dynamo KievBrazilJúnior Moraes1
0%
BATE BorisovBelarusIhar Stasevich1
0%
BATE BorisovBelarusMikhail Gordeichuk1
0%
Shakhtar DonetskUkraineOleksandr Hladkyy1
0%
FC AstanaBosniaMarin Aničić1
0%
FC PortoBrazilMaicon1
0%
Dynamo KievUkraineDenys Harmash1
0%
Dynamo KievUkraineVitaliy Buyalskyi2
0%
LyonFranceMaxwel Cornet1
0%

Score Distribution

Percentile by Number Answered

Percent of People with Each Score

Your Score History

You have not taken this quiz